000 00801nam a22002657a 4500
001 BR7303331
003 BR-BrBNA
005 20230928083947.0
007 ta
008 230509b bl.||||| |||| 00| 0 por d
040 _aBR-BrBNA
_bpor
_cBiblioteca Nacional de Agricultura
041 _a(Por)
072 _aE10
_b2110
_b/G514
090 _ 2110 BR7303331
100 1 _aSouza, D.A. de
110 1 _aComissao Executiva do Plano de Recuperacao Economico-Rural da Lavoura Cacaueira, Rio de Janeiro, GB (Brasil)
_92147
245 1 _aEvolucao do salario-minimo de regiao cacaueira da Bahia [Brasil]
260 3 _aRio de Janeiro, GB (Brasil):
_c1969.
300 _a16 p.
650 _aCACAU
650 _aSALARIO MINIMO
650 _aBAHIA
909 _a202309
_bLucia
_c55
_dLucia Elande
942 _cBK
999 _c16024
_d16024